000
00256nam a2200109Ia 4500
008
240109s2011 xx 000 0 und d
041
_a
eng
082
_a
620
100
_a
Salunkhe N.S.
245
_a
Production Processes
260
_a
Pune
_b
Tech Max
_c
2011
999
_c
1015054
_d
1015054